Word Ladder: Heard 'Round the World Quiz Stats

 Plays Quiz Updated Jan 2, 2015

Challenge
Share
Tweet
Embed
Score 0/40 Timer 03:00
3 Plays Today
Hint 4-Letter Word % Correct
Betty of cartoon fameBOOP
93.9%
Chicken hostelCOOP
93.4%
▼ LENGTHY ▼▼ LONG ▼
88.7%
SingleLONE
86.1%
Hoof beat; second partCLOP
85.7%
Owlish outburstHOOT
85.4%
▼ CRESCENT OR KEITH ____▼ MOON ▼
84.6%
With next rung; hoof beatCLIP
83.3%
Ripped TORN
83.2%
▼ LEAP ▼▼ JUMP ▼
82.4%
MassiveHUGE
82.1%
Olympic sledLUGE
80.8%
Tom Sawyer's palHUCK
80.8%
TomeBOOK
80.3%
Poetic daybreakMORN
79.9%
NASA's orange drinkTANG
79.4%
Fireplace toolTONG
78.4%
Indecisive argumentMOOT
76.6%
Voter opinion surveyPOLL
76.3%
Orange juice componentPULP
75.9%
Hint 4-Letter Word % Correct
Tow or dragPULL
75.4%
▼ POKER OR BUFFALO ____▼ CHIP ▼
75.4%
Theater seating sectionLOGE
75.1%
▼ STAG ▼▼ BUCK ▼
74.5%
Diving board sitePOOL
72.8%
Chimney build upSOOT
70.7%
Dromedary featureHUMP
70.7%
Hearty aleBOCK
69.3%
Basement drain machinePUMP
69%
▼ GRAPPLING IRON ▼▼ HOOK ▼
65.8%
Scottish philosopher David ____HUME
65.7%
Treats leatherTANS
64.9%
Hind leg partHOCK
62.1%
PantherPUMA
62.1%
Brazilian River and TribeJUMA
56%
Suave, like Mimbleton?COOL
56%
Pond dabbling birdCOOT
53.6%
Mountain lakeTARN
50.9%
Old saltsTARS
48.8%
▼ COMMON BOND ▼▼ SHOT ▼
25.8%

Today's Daily Dose

You're not logged in!

Compare scores with friends on all Sporcle quizzes.
OR
Log In

You Might Also Like...

Show Comments

Extras

Top Quizzes Today


Score Distribution

Your Account Isn't Verified!

In order to create a playlist on Sporcle, you need to verify the email address you used during registration. Go to your Sporcle Settings to finish the process.

Report this User

Report this user for behavior that violates our Community Guidelines.

Details: